000
00298nam a2200121Ia 4500
008
191201s2014 xx 000 0 und d
100
_a
VISHAL, S
245
0
_a
Introduction to NC/CNC Machines
260
_a
N. Delhi
_b
Kataria & Sons
_c
2014
300
_a
213
650
_a
B.Tech(ME)
942
_2
ddc
_c
BK
999
_c
6104
_d
6104